External capital structure theory and evidence

Gespeichert in:
Bibliographische Detailangaben
1. Verfasser: Lane, Philip R.
Weitere Verfasser: Milesi-Ferretti, Gian Maria
Format: Buch
Sprache:Englisch
Veröffentlicht: Washington International Monetary Fund 2000
Schriftenreihe:IMF Working Paper WP/00/152
Schlagworte:
Tags: Tag hinzufügen
Keine Tags, Fügen Sie das erste Tag hinzu!

MARC

LEADER 00000nam a2200000 4500
001 c124399
005 20221221082320.7
041 0 |a eng 
044 |a US 
245 1 0 |a External capital structure  |b theory and evidence  |c Philip R. Lane and Gian Maria Milesi-Ferretti 
264 1 |a Washington  |b International Monetary Fund  |c 2000 
300 |a 32 s. 
490 1 |a IMF Working Paper  |v WP/00/152 
830 0 |a IMF Working Paper  |v WP/00/152 
610 2 0 |a štruktúra kapitálová 
610 2 0 |a portfólio 
610 2 0 |a investície priame zahraničné 
610 2 0 |a dlhy 
100 1 |a Lane, Philip R. 
700 1 |a Milesi-Ferretti, Gian Maria